Tierra del Fuego

Uloženo v:
Podrobná bibliografie
Hlavní autor: Coloane, Francisco (Autor)
Médium: Kniha
Jazyk:španělština
Vydáno: Santiago Zig-Zag 1978
Vydání:7a. ed
Edice:Libros de Bolsillo Zig-Zag
Témata:
Tagy: Přidat tag
Žádné tagy, Buďte první, kdo vytvoří štítek k tomuto záznamu!

MARC

LEADER 00000nam a2200000 a 4500
001 UCM8644
003 CL-VaPUC
008 030321e19780000CL |||||||||||||||||spa|d
082 0 4 |a Ch863  |b COL  |2 21 
100 0 |a Coloane, Francisco  |e author  |9 345716 
245 1 0 |a Tierra del Fuego 
250 |a 7a. ed 
300 |a 215 p 
942 |c BK 
945 |d 20030321 00:00:00  |a cmena 
260 |a Santiago  |b Zig-Zag  |c 1978 
650 0 |a Cuentos chilenos   |9 308280 
650 0 |a Literatura chilena   |9 308278 
583 |a last modification  |c 20030321 00:00:00  |k Rodrigo Vera 
490 0 |a Libros de Bolsillo Zig-Zag 
999 |c 303102  |d 303100 
952 |0 0  |1 0  |4 0  |6 CH_863_000000000000000_COL_1978  |7 0  |8 X  |9 364150  |a FDOMLP  |b FDOMLP  |d 2019-11-21  |i 3425932  |o Ch863 COL 1978  |p 3425932  |r 2019-11-21  |w 2019-11-21  |y BK_X  |k BU2